Hacia una renovación educativa hoy: desafíos para el educador
Guardat en:
| Autor principal: | |
|---|---|
| Altres autors: | |
| Format: | Llibre |
| Idioma: | espanyol |
| Publicat: |
Santiago
San Pablo
1993
|
| Col·lecció: | Colección Educar, 9
|
| Matèries: | |
| Etiquetes: |
Afegir etiqueta
Sense etiquetes, Sigues el primer a etiquetar aquest registre!
|
MARC
| LEADER | 00000nam a2200000 a 4500 | ||
|---|---|---|---|
| 001 | UCY0588 | ||
| 003 | CL-VaPUC | ||
| 008 | 940805e19930000CL |||||||||||||||||spa|d | ||
| 082 | 0 | 4 | |a 370.11 |b SAL |2 21 |
| 100 | 0 | |a Salman S., Enrique |e author |9 328351 | |
| 700 | |a Livacic Gazzano, Ernesto |e autor |9 342702 | ||
| 245 | 1 | 0 | |a Hacia una renovación educativa hoy: desafíos para el educador |
| 300 | |a 200 p | ||
| 942 | |c BK | ||
| 945 | |d 19940805 00:00:00 |a rbrito | ||
| 260 | |a Santiago |b San Pablo |c 1993 | ||
| 650 | 0 | |a Calidad de la educación |9 307271 | |
| 650 | 7 | |a ENSEÑANZA INDIVIDUALIZADA |2 CL-VaPUC |9 307241 | |
| 583 | |a last modification |c 19940805 00:00:00 |k Rodrigo Vera | ||
| 490 | 0 | |a Colección Educar, 9 | |
| 999 | |c 229555 |d 229553 | ||
| 952 | |0 0 |1 0 |4 0 |6 370_110000000000000_SAL_1993 |7 0 |8 P |9 230815 |a BIBEDU |b BIBEDU |c BIBEDU_PB |d 2019-11-15 |i 3002403 |o 370.11 SAL 1993 |p 3002403 |r 2024-01-25 |w 2019-11-15 |y BK |k EDU | ||
| 952 | |0 0 |1 0 |4 0 |6 370_110000000000000_SAL_1993 |7 0 |8 P |9 230816 |a BIBEDU |b BIBEDU |c BIBEDU_PB |d 2019-11-15 |i 3330893 |o 370.11 SAL 1993 |p 3330893 |r 2024-01-25 |w 2019-11-15 |y BK |k EDU | ||